00715nam a2200217Ia 4500003000900000008004100009040001300050040001300063041000800076100002300084245008500107250002300192260002100215260000900236300001100245300001200256490000600268942000700274999001700281952019900298IT-RoPAU120407s9999 xx 000 0 und d aIT-RoPAU cIT-RoPAU aita aMichele Piccirillo aMadaba. Le chiese e i mosaici. Documentazione grafica a cura di Eugenio Alliata aCinisello Balsamo  aEdizioni Paoline c1989 a374 p. c26,5 cm v1 cBK c33624d33624 00102ddc406913_45000000000000071aPAULUSbPAULUSd2012-04-11l0o913.45r2012-04-11 00:00:00w2012-04-11yBKzInserito da: Mario In data: 19 settembre 2011 fondo: Via A.Severo 56 Progr:25223